[Event "Gilan Friendship Cup"]
[Site "Gilan"]
[Date "2014.12.06"]
[Round "9"]
[White "Mohammadi, Ehsan"]
[Black "Kanani, Anoosh"]
[Result "0-1"]
[WhiteElo "2012"]
[BlackElo "1944"]
[PlyCount "118"]
[EventDate "2014.11.30"]
[EventType "swiss"]
[EventRounds "9"]
[EventCountry "IRI"]
[SourceTitle "CBM 163 Extra"]
[Source "ChessBase"]
[SourceDate "2014.12.23"]
[SourceVersion "1"]
[SourceVersionDate "2014.12.23"]
[SourceQuality "1"]

1. d4 Nf6 2. c4 c5 3. Nf3 cxd4 4. Nxd4 Nc6 5. e3 e5 6. Nf3 d5 7. cxd5 Bb4+ 8. Bd2 Nxd5 9. a3 Bxd2+ 10. Qxd2 0-0 11. Nc3 Nxc3 12. Qxc3 Qe7 13. Be2 Bg4 14. h3 Bxf3 15. Bxf3 Nd4 16. Rc1 Nxf3+ 17. gxf3 Qe6 18. Qa5 g6 19. Ke2 Rfd8 20. Rhd1 Rxd1 21. Rxd1 Kg7 22. Qb5 Rc8 23. Rd2 Rc1 24. e4 h5 25. b3 Kh6 26. h4 Rh1 27. Rd8 Rxh4 28. Re8 Qa6 29. Qxa6 bxa6 30. Rxe5 Rh1 31. Re7 h4 32. Rxf7 h3 33. Rf8 Kg7 34. Rf4 g5 35. Rg4 h2 36. Rxg5+ Kh6 37. Rg3 Re1+ 38. Kxe1 h1Q+ 39. Ke2 Qb1 40. Ke3 Qxb3+ 41. Kf4 Qxa3 42. e5 Qf8+ 43. Ke4 a5 44. f4 a4 45. e6 a3 46. f5 a2 47. Rg1 Qb4+ 48. Kd5 Qd2+ 49. Kc6 Qc3+ 50. Kd7 a1Q 51. Rxa1 Qd4+ 52. Kc8 Qxa1 53. e7 Qa6+ 54. Kd7 Qb7+ 55. Kd8 Qd5+ 56. Kc7 Qe5+ 57. Kd8 Qd6+ 58. Ke8 Kg7 59. f4 Kf6 0-1